Constitutional dynamics of article 356 (Record no. 11984)

MARC details
000 -LEADER
fixed length control field 00362nam a2200133Ia 4500
082 ## - DEWEY DECIMAL CLASSIFICATION NUMBER
Classification number 321.8042 SAN-C
100 ## - MAIN ENTRY--AUTHOR NAME
Personal name Sanyasi Raju, K.S.
245 #0 - TITLE STATEMENT
Title Constitutional dynamics of article 356
260 ## - PUBLICATION, DISTRIBUTION, ETC. (IMPRINT)
Place of publication Visakhapatnam
Name of publisher Andhra University Press
Year of publication 2007
300 ## - PHYSICAL DESCRIPTION
Number of Pages xii, 212
504 ## - BIBLIOGRAPHY, ETC. NOTE
Bibliography, etc includes appendix
650 ## - SUBJECT ADDED ENTRY--TOPICAL TERM
Topical Term Constitutional law
Geographic subdivision India
942 ## - ADDED ENTRY ELEMENTS (KOHA)
Koha item type Books
Source of classification or shelving scheme Dewey Decimal Classification
Holdings
Withdrawn status Lost status Damaged status Not for loan Home library Current library Date acquired Bill Date Full call number Accession Number Price effective from Koha item type
        NASSDOC Library NASSDOC Library 31/12/1899 2006-03-06 321.8042 SAN-C 43953 18/04/2019 Books